[Event "DEM U14 2025"]
[Site "Willingen GER"]
[Date "2025.06.11"]
[Round "6"]
[White "Hempel, Lorenz"]
[Black "Zimmer, Tim"]
[Result "1/2-1/2"]
[Termination "normal"]
[Board "7"]
[WhiteElo "2007"]
[BlackElo "1866"]
[WhiteClock "00:01:16"]
[BlackClock "00:03:49"]
[PlyCount "122"]
[WhiteFideId "34627413"]
[BlackFideId "34603115"]
[EventCountry "GER"]
[EventRounds "9"]
[EventType "swiss"]
[EventDate "2025.06.07"]

1. e4 {[%clk 01:30:58]} {[%emt 00:00:02]} e5 {[%clk 01:30:56]} {[%emt
00:00:04]} 2. Nf3 {[%clk 01:31:23]} {[%emt 00:00:04]} Nc6 {[%clk 01:31:20]}
{[%emt 00:00:06]} 3. d4 {[%clk 01:31:49]} {[%emt 00:00:05]} exd4 {[%clk
01:31:33]} {[%emt 00:00:16]} 4. Nxd4 {[%clk 01:32:14]} {[%emt 00:00:06]} Bc5
{[%clk 01:30:42]} {[%emt 00:01:20]} 5. Be3 {[%clk 01:32:39]} {[%emt 00:00:06]}
Qf6 {[%clk 01:30:34]} {[%emt 00:00:38]} 6. c3 {[%clk 01:33:01]} {[%emt
00:00:08]} Nge7 {[%clk 01:30:18]} {[%emt 00:00:45]} 7. Bc4 {[%clk 01:33:06]}
{[%emt 00:00:25]} O-O {[%clk 01:27:42]} {[%emt 00:03:07]} 8. O-O {[%clk
01:33:30]} {[%emt 00:00:06]} a6 {[%clk 01:16:18]} {[%emt 00:11:55]} 9. Qd2
{[%clk 01:17:28]} {[%emt 00:16:32]} Qg6 {[%clk 01:11:13]} {[%emt 00:05:34]} 10.
Nxc6 {[%clk 01:07:35]} {[%emt 00:10:22]} Qxc6 {[%clk 01:09:54]} {[%emt
00:01:50]} 11. Bxc5 {[%clk 01:07:59]} {[%emt 00:00:06]} Qxc5 {[%clk 01:10:08]}
{[%emt 00:00:16]} 12. Na3 {[%clk 01:08:05]} {[%emt 00:00:24]} d6 {[%clk
01:03:37]} {[%emt 00:07:01]} 13. b4 {[%clk 01:07:27]} {[%emt 00:01:07]} Qe5
{[%clk 01:00:15]} {[%emt 00:03:52]} 14. f4 {[%clk 01:06:54]} {[%emt 00:01:04]}
Qf6 {[%clk 01:00:21]} {[%emt 00:00:24]} 15. Kh1 {[%clk 00:56:38]} {[%emt
00:10:46]} b5 {[%clk 00:58:33]} {[%emt 00:02:18]} 16. Bd5 {[%clk 00:55:08]}
{[%emt 00:02:00]} Nxd5 {[%clk 00:51:31]} {[%emt 00:07:31]} 17. exd5 {[%clk
00:46:29]} {[%emt 00:09:10]} Bf5 {[%clk 00:47:40]} {[%emt 00:04:20]} 18. Rae1
{[%clk 00:36:06]} {[%emt 00:10:54]} Rfe8 {[%clk 00:44:07]} {[%emt 00:04:02]}
19. Rf3 {[%clk 00:33:58]} {[%emt 00:02:38]} Kf8 {[%clk 00:39:51]} {[%emt
00:04:46]} 20. Rfe3 {[%clk 00:30:06]} {[%emt 00:04:23]} Rxe3 {[%clk 00:37:39]}
21. Rxe3 {[%clk 00:30:29]} {[%emt 00:02:48]} Re8 {[%clk 00:36:15]} {[%emt
00:01:54]} 22. Rxe8+ {[%clk 00:21:40]} {[%emt 00:09:20]} Kxe8 {[%clk 00:36:41]}
{[%emt 00:00:03]} 23. Qe3+ {[%clk 00:22:03]} {[%emt 00:00:08]} Kd7 {[%clk
00:31:23]} {[%emt 00:05:47]} 24. Kg1 {[%clk 00:16:17]} {[%emt 00:06:18]} Qg6
{[%clk 00:27:54]} {[%emt 00:03:57]} 25. c4 {[%clk 00:13:18]} {[%emt 00:03:29]}
bxc4 {[%clk 00:26:30]} {[%emt 00:01:55]} 26. Nxc4 {[%clk 00:13:47]} {[%emt
00:00:01]} Be4 {[%clk 00:24:29]} {[%emt 00:02:30]} 27. Qh3+ {[%clk 00:13:37]}
{[%emt 00:00:40]} Qf5 {[%clk 00:24:16]} {[%emt 00:00:44]} 28. Qxf5+ {[%clk
00:13:59]} {[%emt 00:00:08]} Bxf5 {[%clk 00:24:44]} {[%emt 00:00:01]} 29. Kf2
{[%clk 00:12:56]} {[%emt 00:01:33]} Be4 {[%clk 00:24:28]} {[%emt 00:00:46]} 30.
Ne3 {[%clk 00:13:25]} {[%emt 00:00:01]} c6 {[%clk 00:24:05]} {[%emt 00:00:54]}
31. dxc6+ {[%clk 00:12:54]} {[%emt 00:01:01]} Kxc6 {[%clk 00:23:58]} {[%emt
00:00:36]} 32. a4 {[%clk 00:13:14]} {[%emt 00:00:11]} d5 {[%clk 00:22:22]}
{[%emt 00:02:06]} 33. g3 {[%clk 00:13:37]} {[%emt 00:00:07]} f6 {[%clk
00:18:46]} {[%emt 00:04:06]} 34. Nf1 {[%clk 00:12:01]} {[%emt 00:02:05]} d4
{[%clk 00:16:02]} {[%emt 00:03:14]} 35. Nd2 {[%clk 00:09:36]} {[%emt 00:02:55]}
Bc2 {[%clk 00:16:14]} {[%emt 00:00:18]} 36. b5+ {[%clk 00:06:59]} {[%emt
00:03:08]} axb5 {[%clk 00:16:15]} {[%emt 00:00:28]} 37. axb5+ {[%clk 00:07:28]}
{[%emt 00:00:01]} Kxb5 {[%clk 00:16:18]} {[%emt 00:00:27]} 38. Ke2 {[%clk
00:06:59]} {[%emt 00:01:00]} Kc5 {[%clk 00:15:23]} {[%emt 00:01:25]} 39. g4
{[%clk 00:04:50]} {[%emt 00:02:39]} g6 {[%clk 00:06:27]} {[%emt 00:09:25]} 40.
h4 {[%clk 00:03:33]} {[%emt 00:01:48]} h6 {[%clk 00:04:16]} {[%emt 00:02:40]}
41. Kf3 {[%clk 00:29:40]} {[%emt 00:04:23]} Kd5 {[%clk 00:24:27]} {[%emt
00:10:19]} 42. Ke2 {[%clk 00:24:37]} {[%emt 00:05:34]} h5 {[%clk 00:16:15]}
{[%emt 00:08:41]} 43. gxh5 {[%clk 00:18:15]} {[%emt 00:06:52]} gxh5 {[%clk
00:16:37]} {[%emt 00:00:08]} 44. Nf1 {[%clk 00:16:22]} {[%emt 00:02:22]} Ke4
{[%clk 00:14:15]} {[%emt 00:02:51]} 45. Ng3+ {[%clk 00:16:45]} {[%emt
00:00:09]} Kxf4 {[%clk 00:14:29]} {[%emt 00:00:16]} 46. Nxh5+ {[%clk 00:17:10]}
{[%emt 00:00:05]} Ke5 {[%clk 00:13:17]} {[%emt 00:01:38]} 47. Ng3 {[%clk
00:08:33]} {[%emt 00:09:11]} f5 {[%clk 00:11:20]} {[%emt 00:02:27]} 48. Nh1
{[%clk 00:05:33]} {[%emt 00:03:30]} Kf6 {[%clk 00:08:44]} {[%emt 00:03:05]} 49.
Kd2 {[%clk 00:03:53]} {[%emt 00:02:11]} Bb1 {[%clk 00:06:28]} {[%emt 00:02:46]}
50. Kc1 {[%clk 00:03:00]} {[%emt 00:01:24]} Be4 {[%clk 00:06:44]} {[%emt
00:00:12]} 51. Ng3 {[%clk 00:03:26]} {[%emt 00:00:05]} Bf3 {[%clk 00:06:53]}
{[%emt 00:00:20]} 52. Kd2 {[%clk 00:02:53]} {[%emt 00:01:05]} f4 {[%clk
00:06:58]} {[%emt 00:00:24]} 53. Nf1 {[%clk 00:03:19]} {[%emt 00:00:03]} Bg2
{[%clk 00:05:12]} {[%emt 00:02:17]} 54. Nh2 {[%clk 00:03:42]} {[%emt 00:00:08]}
Kg6 {[%clk 00:05:31]} {[%emt 00:00:10]} 55. Kd3 {[%clk 00:02:48]} {[%emt
00:01:24]} Kh5 {[%clk 00:05:35]} {[%emt 00:00:26]} 56. Kxd4 {[%clk 00:03:14]}
{[%emt 00:00:04]} Kxh4 {[%clk 00:05:55]} {[%emt 00:00:10]} 57. Ke5 {[%clk
00:03:21]} {[%emt 00:00:23]} Kg5 {[%clk 00:05:34]} {[%emt 00:00:49]} 58. Kd4
{[%clk 00:03:04]} {[%emt 00:00:50]} Kf5 {[%clk 00:05:23]} {[%emt 00:00:40]} 59.
Kd3 {[%clk 00:03:29]} {[%emt 00:00:05]} Bh3 {[%clk 00:05:33]} {[%emt 00:00:19]}
60. Nf3 {[%clk 00:02:11]} {[%emt 00:01:49]} Bf1+ {[%clk 00:04:28]} {[%emt
00:01:35]} 61. Kd4 {[%clk 00:01:16]} {[%emt 00:01:26]} Be2 {[%clk 00:03:49]}
{[%emt 00:01:08]} 1/2-1/2

[Event "DEM U14 2025"]
[Site "Willingen GER"]
[Date "2025.06.11"]
[Round "6"]
[White "Schröder, Hannes Artur"]
[Black "Rodriguez Klasen, Ennio"]
[Result "1/2-1/2"]
[Termination "normal"]
[Board "8"]
[WhiteElo "1705"]
[BlackElo "2021"]
[WhiteClock "00:28:18"]
[BlackClock "00:00:33"]
[PlyCount "81"]
[WhiteFideId "34608818"]
[BlackFideId "16277414"]
[EventCountry "GER"]
[EventRounds "9"]
[EventType "swiss"]
[EventDate "2025.06.07"]

1. c4 {[%clk 01:30:55]} {[%emt 00:00:04]} e5 {[%clk 01:30:56]} {[%emt
00:00:05]} 2. g3 {[%clk 01:31:17]} {[%emt 00:00:07]} d5 {[%clk 01:31:23]}
{[%emt 00:00:04]} 3. cxd5 {[%clk 01:30:58]} {[%emt 00:00:48]} Qxd5 {[%clk
01:31:46]} {[%emt 00:00:07]} 4. Nf3 {[%clk 01:30:45]} {[%emt 00:00:43]} Nc6
{[%clk 01:31:51]} {[%emt 00:00:26]} 5. Nc3 {[%clk 01:30:23]} {[%emt 00:00:50]}
Qd6 {[%clk 01:31:53]} {[%emt 00:00:29]} 6. Bg2 {[%clk 01:30:02]} {[%emt
00:00:51]} Nf6 {[%clk 01:32:15]} {[%emt 00:00:08]} 7. d3 {[%clk 01:29:41]}
{[%emt 00:00:50]} Be7 {[%clk 01:32:39]} {[%emt 00:00:07]} 8. O-O {[%clk
01:28:51]} {[%emt 00:01:20]} O-O {[%clk 01:32:52]} {[%emt 00:00:17]} 9. Nd2
{[%clk 01:26:35]} {[%emt 00:02:46]} Bg4 {[%clk 01:05:56]} {[%emt 00:27:26]} 10.
Nc4 {[%clk 01:19:59]} {[%emt 00:07:05]} Qe6 {[%clk 01:05:57]} {[%emt 00:00:30]}
11. Re1 {[%clk 01:06:55]} {[%emt 00:13:33]} Rab8 {[%clk 00:59:04]} {[%emt
00:07:24]} 12. Be3 {[%clk 00:58:14]} {[%emt 00:09:10]} a6 {[%clk 00:51:26]}
{[%emt 00:08:09]} 13. f4 {[%clk 00:53:25]} {[%emt 00:05:17]} exf4 {[%clk
00:48:44]} {[%emt 00:03:13]} 14. Bxf4 {[%clk 00:53:22]} {[%emt 00:00:33]} Bc5+
{[%clk 00:47:49]} {[%emt 00:01:25]} 15. Kh1 {[%clk 00:49:45]} {[%emt 00:04:08]}
Rbc8 {[%clk 00:34:52]} {[%emt 00:13:27]} 16. Qd2 {[%clk 00:43:08]} {[%emt
00:07:06]} Rfd8 {[%clk 00:19:31]} {[%emt 00:15:51]} 17. Be3 {[%clk 00:32:45]}
{[%emt 00:10:53]} Bf8 {[%clk 00:09:45]} {[%emt 00:10:16]} 18. Bf4 {[%clk
00:28:16]} {[%emt 00:04:59]} Rd7 {[%clk 00:05:31]} {[%emt 00:04:44]} 19. Rad1
{[%clk 00:19:19]} {[%emt 00:09:27]} Rcd8 {[%clk 00:04:38]} {[%emt 00:01:23]}
20. Qc1 {[%clk 00:19:21]} {[%emt 00:00:28]} Bc5 {[%clk 00:02:23]} {[%emt
00:02:45]} 21. Be3 {[%clk 00:13:57]} {[%emt 00:05:54]} Bf8 {[%clk 00:00:47]}
{[%emt 00:02:06]} 22. Kg1 {[%clk 00:06:24]} {[%emt 00:08:03]} b5 {[%clk
00:00:37]} {[%emt 00:00:41]} 23. Bxc6 {[%clk 00:06:26]} {[%emt 00:00:27]} Qxc6
{[%clk 00:00:41]} {[%emt 00:00:26]} 24. Ne5 {[%clk 00:05:48]} {[%emt 00:01:08]}
Qb7 {[%clk 00:00:36]} {[%emt 00:00:36]} 25. Nxd7 {[%clk 00:04:01]} {[%emt
00:02:16]} Rxd7 {[%clk 00:00:54]} {[%emt 00:00:12]} 26. Rf1 {[%clk 00:02:20]}
{[%emt 00:02:11]} b4 {[%clk 00:00:45]} {[%emt 00:00:40]} 27. Ne4 {[%clk
00:02:05]} {[%emt 00:00:44]} Nxe4 {[%clk 00:00:31]} {[%emt 00:00:44]} 28. dxe4
{[%clk 00:02:26]} {[%emt 00:00:09]} Rxd1 {[%clk 00:00:39]} {[%emt 00:00:23]}
29. Qxd1 {[%clk 00:02:15]} {[%emt 00:00:40]} Qxe4 {[%clk 00:00:35]} {[%emt
00:00:34]} 30. Qd2 {[%clk 00:01:11]} {[%emt 00:01:34]} Bh3 {[%clk 00:00:34]}
{[%emt 00:00:31]} 31. Rf2 {[%clk 00:01:15]} {[%emt 00:00:26]} h6 {[%clk
00:00:35]} {[%emt 00:00:29]} 32. Qd3 {[%clk 00:01:04]} {[%emt 00:00:41]} Qc6
{[%clk 00:00:35]} {[%emt 00:00:31]} 33. Qd2 {[%clk 00:00:46]} {[%emt 00:00:47]}
Qe6 {[%clk 00:00:34]} {[%emt 00:00:30]} 34. b3 {[%clk 00:00:59]} {[%emt
00:00:17]} c5 {[%clk 00:00:34]} {[%emt 00:00:31]} 35. Qd3 {[%clk 00:00:32]}
{[%emt 00:00:57]} Qe5 {[%clk 00:00:34]} {[%emt 00:00:30]} 36. Bc1 {[%clk
00:00:42]} {[%emt 00:00:19]} Qa1 {[%clk 00:00:34]} {[%emt 00:00:32]} 37. Qc4
{[%clk 00:00:35]} {[%emt 00:00:34]} Be6 {[%clk 00:00:57]} {[%emt 00:00:09]} 38.
Qc2 {[%clk 00:00:56]} {[%emt 00:00:08]} c4 {[%clk 00:00:46]} {[%emt 00:00:42]}
39. Kg2 {[%clk 00:00:47]} {[%emt 00:00:39]} Bc5 {[%clk 00:00:34]} {[%emt
00:00:43]} 40. Rf4 {[%clk 00:00:42]} {[%emt 00:00:33]} Qe5 {[%clk 00:00:33]}
{[%emt 00:00:32]} 41. bxc4 {[%clk 00:28:18]} {[%emt 00:02:54]} 1/2-1/2

[Event "DEM U14 2025"]
[Site "Willingen GER"]
[Date "2025.06.11"]
[Round "6"]
[White "Houben, Maximilian"]
[Black "Sepe, Giovanni Paolo"]
[Result "0-1"]
[Termination "normal"]
[Board "10"]
[WhiteElo "1839"]
[BlackElo "2101"]
[WhiteClock "00:03:10"]
[BlackClock "00:08:00"]
[PlyCount "68"]
[WhiteFideId "34632760"]
[BlackFideId "34631909"]
[EventCountry "GER"]
[EventRounds "9"]
[EventType "swiss"]
[EventDate "2025.06.07"]

1. d4 {[%clk 01:30:37]} {[%emt 00:00:22]} d5 {[%clk 01:30:53]} {[%emt
00:00:08]} 2. c4 {[%clk 01:31:02]} {[%emt 00:00:05]} dxc4 {[%clk 01:31:12]}
{[%emt 00:00:11]} 3. e4 {[%clk 01:29:55]} {[%emt 00:01:37]} b5 {[%clk
01:31:35]} {[%emt 00:00:07]} 4. a4 {[%clk 01:30:17]} {[%emt 00:00:08]} c6
{[%clk 01:32:03]} {[%emt 00:00:02]} 5. axb5 {[%clk 01:29:47]} {[%emt 00:01:00]}
cxb5 {[%clk 01:32:30]} {[%emt 00:00:03]} 6. Nc3 {[%clk 01:29:58]} {[%emt
00:00:19]} Qb6 {[%clk 01:32:57]} {[%emt 00:00:03]} 7. Nd5 {[%clk 01:15:32]}
{[%emt 00:14:55]} Qb7 {[%clk 01:33:25]} {[%emt 00:00:03]} 8. Bf4 {[%clk
01:09:24]} {[%emt 00:06:38]} e5 {[%clk 01:33:49]} {[%emt 00:00:06]} 9. Bxe5
{[%clk 01:03:16]} {[%emt 00:06:38]} Nd7 {[%clk 01:34:16]} {[%emt 00:00:03]} 10.
Bg3 {[%clk 00:48:19]} {[%emt 00:15:28]} Ngf6 {[%clk 01:34:18]} {[%emt
00:00:28]} 11. Nxf6+ {[%clk 00:41:01]} {[%emt 00:07:48]} Nxf6 {[%clk 01:34:30]}
{[%emt 00:00:17]} 12. f3 {[%clk 00:41:14]} {[%emt 00:00:17]} Bb4+ {[%clk
01:34:41]} {[%emt 00:00:19]} 13. Kf2 {[%clk 00:41:37]} {[%emt 00:00:06]} O-O
{[%clk 01:33:18]} {[%emt 00:01:54]} 14. Be5 {[%clk 00:37:51]} {[%emt 00:04:16]}
Nd7 {[%clk 01:30:03]} {[%emt 00:03:45]} 15. Bf4 {[%clk 00:38:16]} {[%emt
00:00:05]} Nb6 {[%clk 01:28:39]} {[%emt 00:01:54]} 16. g4 {[%clk 00:37:14]}
{[%emt 00:01:31]} Na4 {[%clk 01:05:53]} {[%emt 00:23:17]} 17. Qc2 {[%clk
00:37:05]} {[%emt 00:00:38]} Rd8 {[%clk 01:04:32]} {[%emt 00:01:52]} 18. Bxc4
{[%clk 00:35:51]} {[%emt 00:01:44]} bxc4 {[%clk 01:03:21]} {[%emt 00:01:41]}
19. Rxa4 {[%clk 00:35:21]} {[%emt 00:01:00]} Rxd4 {[%clk 00:59:57]} {[%emt
00:03:54]} 20. Ne2 {[%clk 00:33:43]} {[%emt 00:02:09]} Rd3 {[%clk 00:50:09]}
{[%emt 00:10:17]} 21. Qxc4 {[%clk 00:25:32]} {[%emt 00:08:40]} Rb3 {[%clk
00:49:14]} {[%emt 00:01:25]} 22. Be5 {[%clk 00:23:49]} {[%emt 00:02:14]} Be6
{[%clk 00:47:02]} {[%emt 00:02:42]} 23. Qa6 {[%clk 00:23:57]} {[%emt 00:00:22]}
Qe7 {[%clk 00:38:24]} {[%emt 00:09:08]} 24. Bc3 {[%clk 00:11:53]} {[%emt
00:12:34]} Qh4+ {[%clk 00:29:42]} {[%emt 00:09:12]} 25. Kg2 {[%clk 00:11:48]}
{[%emt 00:00:35]} Bc5 {[%clk 00:26:06]} {[%emt 00:04:06]} 26. Rf1 {[%clk
00:11:37]} {[%emt 00:00:40]} Rd8 {[%clk 00:23:45]} {[%emt 00:02:52]} 27. Raa1
{[%clk 00:10:50]} {[%emt 00:01:17]} Bxg4 {[%clk 00:13:32]} {[%emt 00:10:42]}
28. fxg4 {[%clk 00:05:55]} {[%emt 00:05:25]} Qxg4+ {[%clk 00:13:55]} {[%emt
00:00:07]} 29. Ng3 {[%clk 00:06:13]} {[%emt 00:00:12]} Rxb2+ {[%clk 00:06:14]}
{[%emt 00:08:12]} 30. Bxb2 {[%clk 00:06:34]} {[%emt 00:00:10]} Rd2+ {[%clk
00:06:40]} {[%emt 00:00:03]} 31. Kh1 {[%clk 00:06:52]} {[%emt 00:00:09]} Qh4
{[%clk 00:07:03]} {[%emt 00:00:10]} 32. Qc8+ {[%clk 00:02:20]} {[%emt
00:05:02]} Bf8 {[%clk 00:07:27]} {[%emt 00:00:05]} 33. Qxf8+ {[%clk 00:02:45]}
{[%emt 00:00:04]} Kxf8 {[%clk 00:07:53]} {[%emt 00:00:05]} 34. Bxg7+ {[%clk
00:03:10]} {[%emt 00:00:06]} Ke8 {[%clk 00:08:00]} {[%emt 00:00:22]} 0-1

[Event "DEM U14 2025"]
[Site "Willingen GER"]
[Date "2025.06.11"]
[Round "6"]
[White "Krüger, Moritz"]
[Black "Bundan, Edward"]
[Result "0-1"]
[Termination "normal"]
[Board "11"]
[WhiteElo "1785"]
[BlackElo "2038"]
[WhiteClock "01:04:00"]
[BlackClock "00:16:02"]
[PlyCount "110"]
[WhiteFideId "34608923"]
[BlackFideId "34603042"]
[EventCountry "GER"]
[EventRounds "9"]
[EventType "swiss"]
[EventDate "2025.06.07"]

1. d4 {[%clk 01:27:54]} {[%emt 00:03:06]} Nf6 {[%clk 01:30:55]} {[%emt
00:00:06]} 2. Nf3 {[%clk 01:27:57]} {[%emt 00:00:27]} e6 {[%clk 01:31:18]}
{[%emt 00:00:06]} 3. g3 {[%clk 01:27:49]} {[%emt 00:00:38]} b6 {[%clk
01:31:42]} {[%emt 00:00:07]} 4. Bg2 {[%clk 01:27:47]} {[%emt 00:00:31]} Bb7
{[%clk 01:32:07]} {[%emt 00:00:06]} 5. O-O {[%clk 01:27:45]} {[%emt 00:00:31]}
Be7 {[%clk 01:32:28]} {[%emt 00:00:09]} 6. c4 {[%clk 01:26:35]} {[%emt
00:01:40]} O-O {[%clk 01:32:17]} {[%emt 00:00:41]} 7. Nc3 {[%clk 01:24:00]}
{[%emt 00:03:04]} d5 {[%clk 01:30:04]} {[%emt 00:02:44]} 8. cxd5 {[%clk
01:22:23]} {[%emt 00:02:07]} Nxd5 {[%clk 01:28:46]} {[%emt 00:01:48]} 9. Re1
{[%clk 01:18:57]} {[%emt 00:03:56]} c5 {[%clk 01:21:55]} {[%emt 00:07:21]} 10.
e4 {[%clk 01:17:57]} {[%emt 00:01:31]} Nxc3 {[%clk 01:17:25]} {[%emt 00:04:59]}
11. bxc3 {[%clk 01:15:49]} {[%emt 00:02:39]} Nd7 {[%clk 01:13:47]} {[%emt
00:04:08]} 12. e5 {[%clk 01:10:45]} {[%emt 00:05:34]} Rc8 {[%clk 01:06:13]}
{[%emt 00:08:03]} 13. Qd3 {[%clk 01:08:36]} {[%emt 00:02:39]} cxd4 {[%clk
01:05:13]} {[%emt 00:01:30]} 14. cxd4 {[%clk 01:06:36]} {[%emt 00:02:30]} Nc5
{[%clk 00:56:30]} {[%emt 00:09:13]} 15. Qe3 {[%clk 01:04:55]} {[%emt 00:02:10]}
Na6 {[%clk 00:53:40]} {[%emt 00:03:21]} 16. Ba3 {[%clk 01:02:54]} {[%emt
00:02:31]} Nc7 {[%clk 00:49:42]} {[%emt 00:04:27]} 17. Bxe7 {[%clk 00:59:34]}
{[%emt 00:03:51]} Qxe7 {[%clk 00:49:52]} {[%emt 00:00:21]} 18. Rad1 {[%clk
00:58:54]} {[%emt 00:01:10]} Nd5 {[%clk 00:49:45]} {[%emt 00:00:36]} 19. Qg5
{[%clk 00:58:52]} {[%emt 00:00:31]} Qd7 {[%clk 00:48:04]} {[%emt 00:02:11]} 20.
Qh4 {[%clk 00:56:43]} {[%emt 00:02:39]} Nc3 {[%clk 00:45:33]} {[%emt 00:03:01]}
21. Rd2 {[%clk 00:55:57]} {[%emt 00:01:16]} Bxf3 {[%clk 00:44:18]} {[%emt
00:01:45]} 22. Bxf3 {[%clk 00:55:47]} {[%emt 00:00:40]} Nd5 {[%clk 00:43:54]}
{[%emt 00:00:54]} 23. Bxd5 {[%clk 00:54:52]} {[%emt 00:01:26]} Qxd5 {[%clk
00:44:08]} {[%emt 00:00:16]} 24. Qe4 {[%clk 00:54:40]} {[%emt 00:00:40]} Rc1
{[%clk 00:42:49]} {[%emt 00:01:50]} 25. Rde2 {[%clk 00:53:19]} {[%emt
00:01:51]} Rxe1+ {[%clk 00:42:44]} {[%emt 00:00:36]} 26. Rxe1 {[%clk 00:53:41]}
{[%emt 00:00:08]} Qxa2 {[%clk 00:42:50]} {[%emt 00:00:24]} 27. Rd1 {[%clk
00:51:54]} {[%emt 00:02:17]} Qa4 {[%clk 00:41:28]} {[%emt 00:01:52]} 28. Qf3
{[%clk 00:50:34]} {[%emt 00:01:49]} Qd7 {[%clk 00:34:24]} {[%emt 00:07:34]} 29.
d5 {[%clk 00:49:31]} {[%emt 00:01:35]} Qb7 {[%clk 00:34:00]} {[%emt 00:00:51]}
30. Qb3 {[%clk 00:49:13]} {[%emt 00:00:49]} exd5 {[%clk 00:34:09]} {[%emt
00:00:22]} 31. Qxd5 {[%clk 00:48:57]} {[%emt 00:00:46]} Qxd5 {[%clk 00:32:16]}
{[%emt 00:02:22]} 32. Rxd5 {[%clk 00:48:54]} {[%emt 00:00:33]} a5 {[%clk
00:31:46]} {[%emt 00:01:01]} 33. Rd7 {[%clk 00:46:48]} {[%emt 00:02:36]} Rb8
{[%clk 00:31:07]} {[%emt 00:01:09]} 34. Ra7 {[%clk 00:44:53]} {[%emt 00:02:24]}
Kf8 {[%clk 00:31:01]} {[%emt 00:00:36]} 35. Kf1 {[%clk 00:45:10]} {[%emt
00:00:13]} Rc8 {[%clk 00:30:15]} {[%emt 00:01:16]} 36. Ke2 {[%clk 00:43:20]}
{[%emt 00:02:21]} Rc5 {[%clk 00:28:26]} {[%emt 00:02:18]} 37. f4 {[%clk
00:42:11]} {[%emt 00:01:40]} g5 {[%clk 00:24:31]} {[%emt 00:04:24]} 38. Kd3
{[%clk 00:39:40]} {[%emt 00:03:02]} gxf4 {[%clk 00:23:56]} {[%emt 00:01:04]}
39. gxf4 {[%clk 00:39:21]} {[%emt 00:00:49]} Rb5 {[%clk 00:23:36]} {[%emt
00:00:51]} 40. Ke4 {[%clk 00:39:09]} {[%emt 00:00:42]} Rb4+ {[%clk 00:21:44]}
{[%emt 00:02:22]} 41. Kf5 {[%clk 00:38:37]} {[%emt 00:01:02]} a4 {[%clk
00:21:24]} {[%emt 00:00:50]} 42. Kg5 {[%clk 00:37:18]} {[%emt 00:01:48]} h6+
{[%clk 00:15:34]} {[%emt 00:06:20]} 43. Kf5 {[%clk 00:35:59]} {[%emt 00:01:42]}
b5 {[%clk 00:15:11]} {[%emt 00:01:01]} 44. Ra8+ {[%clk 00:36:17]} {[%emt
00:00:11]} Kg7 {[%clk 00:14:32]} {[%emt 00:01:09]} 45. Ra7 {[%clk 00:36:42]}
{[%emt 00:00:06]} Rc4 {[%clk 00:23:31]} {[%emt 00:21:30]} 46. e6 {[%clk
01:04:49]} {[%emt 00:02:23]} Rc5+ {[%clk 00:23:26]} {[%emt 00:00:35]} 47. Ke4
{[%clk 01:04:52]} {[%emt 00:00:27]} Kf6 {[%clk 00:21:37]} {[%emt 00:02:18]} 48.
exf7 {[%clk 01:04:48]} {[%emt 00:00:35]} Kg7 {[%clk 00:21:13]} {[%emt
00:00:54]} 49. Ra6 {[%clk 01:04:58]} {[%emt 00:00:21]} Kxf7 {[%clk 00:21:11]}
{[%emt 00:00:32]} 50. Rxh6 {[%clk 01:05:03]} {[%emt 00:00:24]} a3 {[%clk
00:21:16]} {[%emt 00:00:26]} 51. Ra6 {[%clk 01:05:13]} {[%emt 00:00:19]} b4
{[%clk 00:20:09]} {[%emt 00:01:37]} 52. Kd3 {[%clk 01:05:37]} {[%emt 00:00:07]}
Rc3+ {[%clk 00:19:17]} {[%emt 00:01:22]} 53. Kd2 {[%clk 01:05:44]} {[%emt
00:00:22]} Rf3 {[%clk 00:19:13]} {[%emt 00:00:34]} 54. Kc1 {[%clk 01:04:23]}
{[%emt 00:01:51]} Rxf4 {[%clk 00:18:10]} {[%emt 00:01:33]} 55. Rb6 {[%clk
01:04:00]} {[%emt 00:00:54]} Rf1+ {[%clk 00:16:02]} {[%emt 00:02:38]} 0-1